Langste Landen van Noord naar Zuid - Statistieken

Algemene statistieken
  • Deze quiz is 4.872 keer genomen
  • De gemiddelde score is 15 van 20
Antwoordstatistieken
Afstand Land % Correct
4.065 km Rusland
98%
2.695 km Verenigde Staten
97%
3.335 km Canada
95%
4.042 km Chili
95%
3.700 km China
94%
4.331 km Brazilië
93%
3.398 km Argentinië
91%
3.159 km Australië
90%
2.796 km India
84%
2.019 km Mexico
84%
2.086 km Democratische Republiek Congo
74%
1.983 km Algerije
66%
1.749 km Saoedi-Arabië
65%
2.043 km Peru
58%
1.679 km Marokko
53%
1.778 km Tsjaad
51%
1.651 km Thailand
50%
1.858 km Colombia
43%
1.811 km Mozambique
37%
2.062 km Myanmar
36%
Geen overeenkomende quizzen gevonden
Scoreverdeling
Procent van Mensen met Elke Score
Percentiel versus Aantal Correcte Antwoorden
Uw Scoregeschiedenis
U heeft deze quiz nog niet genomen